In welchem dieser Länder leben Pinguine? - Statistiken

Allgemein
  • Dieses Quiz wurde 62 mal gespielt
  • Das Durchschnittsergebnis liegt bei 6 aus 15
Answers on the Grid
Answers color-coded by a green-red scale on the quiz's grid according to % correct below.
Antarktis
Südafrika
Namibia
Australien
Neuseeland
Ecuador
Argentinien
Chile
Angola
Peru
Kanada
Finnland
Schweden
Norwegen
Russland
Brasilien
Vereinigtes Königreich (Falklandinseln/Südgeorgien)
Frankreich (Île des Pingouins)
Kolumbien
Mosambik
Uruguay
Madagaskar
Papua-Neuguinea
Island
Indien
China
Arktis
Dänemark (Grönland)
Tansania
Indonesien
 
Antwortstatistiken
Antwort % Korrekt
Antarktis
73%
Südafrika
70%
Argentinien
52%
Chile
48%
Neuseeland
45%
Australien
42%
Vereinigtes Königreich (Falklandinseln/Südgeorgien)
42%
Frankreich (Île des Pingouins)
39%
Brasilien
27%
Ecuador
27%
Namibia
27%
Mosambik
24%
Uruguay
24%
Peru
21%
Angola
18%
Keine übereinstimmenden Quizze gefunden
Verteilung der Resultate
Anzahl Personen mit jedem Resultat
Perzentil nach korrekt beantworteten Fragen
Ihre Resultats-Entwicklung
Sie haben dieses Quiz noch nicht gespielt